书目信息 |
| 题名: |
恶魔转世-核生化武器
|
|
| 作者: | 李庆山 主编 | |
| 分册: | ||
| 出版信息: | 北京 中共党史出版社 2006.09 |
|
| 页数: | 207页 | |
| 开本: | 19cm | |
| 丛书名: | ||
| 单 册: | ||
| 中图分类: | E931 | |
| 科图分类: | ||
| 主题词: | 军事技术 | |
| 电子资源: | ||
| ISBN: | 7-80199-304-7 | |
| 000 | 00702nam0 2200217 450 | |
| 001 | 0851421958 | |
| 005 | 20080103144449.56 | |
| 010 | @a7-80199-304-7@dCNY23.50 | |
| 100 | @a20080103d2006 km y0chiy0120 ea | |
| 101 | 0 | @achi |
| 200 | 1 | @a恶魔转世-核生化武器@Ae mo zhuan shi-he sheng hua wu qi@f李庆山主编@Fli qing shan zhu bian |
| 210 | @a北京@c中共党史出版社@d2006.09 | |
| 215 | @a207页@d19cm | |
| 300 | @a中国军事博览兵器卷之九 | |
| 517 | 1 | @a@A@a外国古代、近代战争卷@Awai guo gu dai、jin dai zhan zheng juan |
| 606 | 0 | @a军事技术 |
| 690 | @aE931@v4 | |
| 701 | 0 | @a李庆山@Ali qing shan@4主编 |
| 801 | 0 | @aCN@b大连网信软件有限公司图书馆@c20080103 |
| 905 | @aBZT@dE931@e2 | |
| 906 | @dCNY23.50@n0@r1 | |
| 恶魔转世-核生化武器/李庆山主编.-北京:中共党史出版社,2006.09 |
| 207页;19cm |
| 中国军事博览兵器卷之九 |
| ISBN 7-80199-304-7:CNY23.50 |
| ● |
| 相关链接 |
|
|
|
正题名:恶魔转世-核生化武器
索取号:E931/2
 
预约/预借
| 序号 | 登录号 | 条形码 | 馆藏地/架位号 | 状态 | 备注 |
| 1 | 625095 | 2000625095 | 中心书库北库/ 北库004架B面1列1层5/ [索取号:E931/2] | 在馆 | |
| 2 | 625096 | 2000625096 | 中心书库北库/ 北库004架B面1列3层31/ [索取号:E931/2] | 在馆 | |
| 3 | 625097 | 2000625097 | 中心书库北库/ 北库004架B面1列3层32/ [索取号:E931/2] | 在馆 | |
| 4 | 625098 | 2000625098 | 中心书库北库/ 北库004架B面1列3层33/ [索取号:E931/2] | 在馆 | |
| 5 | 625099 | 2000625099 | 中心书库北库/ 北库004架B面1列3层2/ [索取号:E931/2] | 在馆 | |
| 6 | 625100 | 2000625100 | 中心书库北库/ 北库004架B面1列3层53/ [索取号:E931/2] | 在馆 | |
| 7 | 625101 | 2000625101 | 中心书库北库/ 北库004架B面1列3层65/ [索取号:E931/2] | 在馆 | |
| 8 | 625102 | 2000625102 | 中心书库北库/ 北库004架B面2列2层27/ [索取号:E931/2] | 在馆 | |
| 9 | 625103 | 2000625103 | 中心书库北库/ 北库004架B面1列3层9/ [索取号:E931/2] | 在馆 | |
| 10 | 625104 | 2000625104 | 中心书库北库/ 北库004架B面1列3层7/ [索取号:E931/2] | 在馆 |